[Event "EU-ch 12th"]
[Site "Aix les Bains"]
[Date "2011.03.30"]
[Round "8"]
[White "Vuillin, Stephane"]
[Black "Combaz, Jean Michel"]
[Result "0-1"]
[WhiteElo "1674"]
[BlackElo "1804"]
[PlyCount "68"]
[EventDate "2011.03.22"]
[EventType "swiss"]
[EventRounds "11"]
[EventCountry "FRA"]
[SourceTitle "CBM 142 Extra"]
[Source "ChessBase"]
[SourceDate "2011.06.27"]
[SourceVersion "1"]
[SourceVersionDate "2011.06.27"]
[SourceQuality "1"]

1. d4 d5 2. c4 c6 3. cxd5 cxd5 4. Nc3 Nc6 5. Bf4 e6 6. e3 Bb4 7. Rc1 a6 8. Bd3 Nf6 9. Nf3 h6 10. 0-0 Bd7 11. a3 Be7 12. Ne5 Nxe5 13. Bxe5 b5 14. Ne2 0-0 15. Ng3 g6 16. Qc2 Be8 17. Qb1 Bd6 18. Bxd6 Qxd6 19. h3 Kg7 20. Rc3 b4 21. axb4 Qxb4 22. Rfc1 Bb5 23. Bc2 Rac8 24. Bd1 Rxc3 25. Rxc3 Rb8 26. Qc2 Bc4 27. b3 Bb5 28. f3 Qd6 29. Ne2 Nh5 30. Rc5 Ng3 31. Nf4 g5 32. Ne2 Nxe2+ 33. Bxe2 Bxe2 34. Qxe2 Rxb3 0-1

[Event "EU-ch 12th"]
[Site "Aix les Bains"]
[Date "2011.03.28"]
[Round "7"]
[White "Marret, Benjamin"]
[Black "Vuillin, Stephane"]
[Result "1-0"]
[WhiteElo "1848"]
[BlackElo "1674"]
[PlyCount "31"]
[EventDate "2011.03.22"]
[EventType "swiss"]
[EventRounds "11"]
[EventCountry "FRA"]
[SourceTitle "CBM 142 Extra"]
[Source "ChessBase"]
[SourceDate "2011.06.27"]
[SourceVersion "1"]
[SourceVersionDate "2011.06.27"]
[SourceQuality "1"]

1. d4 Nf6 2. Nf3 d5 3. e3 Bg4 4. h3 Bxf3 5. gxf3 g6 6. Nc3 Bg7 7. Be2 Nbd7 8. e4 dxe4 9. fxe4 Nb6 10. Be3 c6 11. Qd2 Qc7 12. Bf4 Qd7 13. 0-0-0 h5 14. Qe3 e6 15. a4 a5 16. d5 1-0